Bezpečnostné incidenty v oblasti IS/IT a ich dopady
Prieskum stavu informačnej bezpečnosti v malých a stredných podnikoch SR. Oblasť vzniknutých bezpečnostných incidentov. Ekonomické dopady a miera riešenia informačnej bezpečnosti v podniku.
Guardado en:
| Autor principal: | |
|---|---|
| Formato: | Capítulo de libro |
| Lenguaje: | eslovaco |
| Materias: | |
| Etiquetas: |
Sin Etiquetas, Sea el primero en etiquetar este registro!
|
MARC
| LEADER | 00000nla$a2200000$$$4500 | ||
|---|---|---|---|
| 001 | 0124500 | ||
| 005 | 20240502072417.0 | ||
| 041 | 0 | |a slo | |
| 044 | |a SK | ||
| 245 | 1 | 0 | |a Bezpečnostné incidenty v oblasti IS/IT a ich dopady |c Benita Juríková |
| 520 | |a Prieskum stavu informačnej bezpečnosti v malých a stredných podnikoch SR. Oblasť vzniknutých bezpečnostných incidentov. Ekonomické dopady a miera riešenia informačnej bezpečnosti v podniku. | ||
| 610 | 2 | 0 | |a manažment |
| 610 | 2 | 0 | |a manažment informačný |
| 610 | 2 | 0 | |a riadenie podnikové |
| 610 | 2 | 0 | |a technológie informačné |
| 610 | 2 | 0 | |a technológie komunikačné |
| 610 | 2 | 0 | |a systémy počítačové |
| 610 | 2 | 0 | |a bezpečnosť informačná |
| 610 | 2 | 0 | |a ochrana dát |
| 100 | 1 | |a Juriková, Benita, 1973- | |